Artemisa [!] Gentileschi : la pittura della passione /
Na minha lista:
| Main Authors: | , |
|---|---|
| Formato: | Livro |
| Idioma: | Língua italiana |
| Publicado em: |
Milano :
Selene,
1998
|
| Colecção: | L'altra metà dell'arte ;
3 |
| Assuntos: | |
| Tags: |
Sem tags, seja o primeiro a adicionar uma tag!
|
MARC
| LEADER | 00000nam a22000007i 4500 | ||
|---|---|---|---|
| 001 | IT\ICCU\LO1\0463707 | ||
| 003 | ItRI | ||
| 005 | 20240906093601.0 | ||
| 008 | 980703s1998 it |||||| ||||| |||||c | ||
| 020 | |a 8886267185 | ||
| 040 | |b ita |c CDM | ||
| 041 | 7 | |a ita |2 ISO-639-2 | |
| 082 | |a 759.5 |2 20 | ||
| 100 | 1 | |a Agnati, Tiziana |0 IT\ICCU\LO1V\165806 |4 aut | |
| 240 | 1 | 0 | |a Artemisia Gentileschi |9 Agnati, Tiziana |
| 245 | 1 | 0 | |a Artemisa [!] Gentileschi : |b la pittura della passione / |c Tiziana Agnati, Francesca Torres. |
| 246 | 1 | 3 | |a Artemisia Gentileschi |
| 260 | |a Milano : |b Selene, |c 1998 | ||
| 300 | |a 101 p., [2] carte di tav. : |b ill. ; |c 21 cm | ||
| 650 | 7 | |a Gentileschi, Artemisia | |
| 700 | 1 | |a Torres, Francesca |0 IT\ICCU\LO1V\169702 |4 aut | |
| 830 | 2 | |a L'altra metà dell'arte ; |v 3 |0 IT\ICCU\LO1\0448713 | |
| 942 | |2 ddc |c BK | ||
| 952 | |0 0 |1 0 |2 ddc |4 0 |6 759_500000000000000_AGN_ART |7 1 |9 1886 |a RA |b RA |d 2024-09-06 |l 0 |o 759.5 AGN ART |p 9483 |r 2024-09-06 09:36:38 |w 2024-09-06 |y BK |z Donazione di Pietro Brentini | ||
| 981 | 1 | |6 z01 |a i |b xxxe | |
| 982 | 1 | |6 z01 |a n | |
| 999 | |c 1664 |d 1664 | ||